Three novels / (Record no. 154771)
[ view plain ]
| 000 -LEADER | |
|---|---|
| fixed length control field | 00941cam a2200277 p 4500 |
| 001 - CONTROL NUMBER | |
| control field | 4586074 |
| 003 - CONTROL NUMBER IDENTIFIER | |
| control field | BD-DhUL |
| 005 - DATE AND TIME OF LATEST TRANSACTION | |
| control field | 20170124194727.0 |
| 008 - FIXED-LENGTH DATA ELEMENTS--GENERAL INFORMATION | |
| fixed length control field | 751029s1975 fi cf 000 1 eng |
| 010 ## - LIBRARY OF CONGRESS CONTROL NUMBER | |
| LC control number | 75327542 |
| 015 ## - NATIONAL BIBLIOGRAPHY NUMBER | |
| National bibliography number | Fi75 |
| 020 ## - INTERNATIONAL STANDARD BOOK NUMBER | |
| International Standard Book Number | 9511016962 : |
| Terms of availability | Fmk24.00 |
| 040 ## - CATALOGING SOURCE | |
| Original cataloging agency | DLC |
| Transcribing agency | DLC |
| Modifying agency | BD-DhUL |
| 041 1# - LANGUAGE CODE | |
| Language code of text/sound track or separate title | engfin |
| 050 00 - LIBRARY OF CONGRESS CALL NUMBER | |
| Classification number | PZ3.K126 |
| Item number | Th3 |
| Classification number | PH355.K3 |
| 082 ## - DEWEY DECIMAL CLASSIFICATION NUMBER | |
| Classification number | 894.5413 |
| Item number | KAT |
| 100 1# - MAIN ENTRY--PERSONAL NAME | |
| Personal name | Kallas, Aino Krohn, |
| Dates associated with a name | 1878-1956. |
| 245 00 - TITLE STATEMENT | |
| Title | Three novels / |
| Statement of responsibility, etc. | Aino Kallas ; translated [from the Finnish] by Alex Matson. |
| 260 ## - PUBLICATION, DISTRIBUTION, ETC. (IMPRINT) | |
| Place of publication, distribution, etc. | Helsinki : |
| Name of publisher, distributor, etc. | Otava, |
| Date of publication, distribution, etc. | 1975. |
| 300 ## - PHYSICAL DESCRIPTION | |
| Extent | 219 p., [1] leaf of plates : |
| Other physical details | port. ; |
| Dimensions | 19 cm. |
| 500 ## - GENERAL NOTE | |
| General note | Translation of Barbara von Tisenhusen, Reigin pappi, and Sudenmorsian. |
| 600 10 - SUBJECT ADDED ENTRY--PERSONAL NAME | |
| Personal name | Kallas, Aino Krohn, |
| Dates associated with a name | 1878-1956 |
| General subdivision | Translations into English. |
| 651 #0 - SUBJECT ADDED ENTRY--GEOGRAPHIC NAME | |
| Geographic name | Finland |
| General subdivision | Social life and customs |
| -- | Fiction. |
| 906 ## - LOCAL DATA ELEMENT F, LDF (RLIN) | |
| a | 7 |
| b | cbc |
| c | orignew |
| d | 3 |
| e | ncip |
| f | 19 |
| g | y-gencatlg |
| 942 ## - ADDED ENTRY ELEMENTS (KOHA) | |
| Source of classification or shelving scheme | |
| Koha item type | Books |
| Price effective from | Date last seen | Permanent Location | Not for loan | Date acquired | Source of classification or shelving scheme | Koha item type | Lost status | Withdrawn status | Source of acquisition | Collection code | Damaged status | Shelving location | Barcode | Current Location | Full call number |
|---|---|---|---|---|---|---|---|---|---|---|---|---|---|---|---|
| 2017-01-24 | 2017-01-24 | Dhaka University Library | 2017-01-24 | Books | Purchased | Non Fiction | General Stacks | A269621 | Dhaka University Library | 894.5413 KAT |
